01069nam a2200241 a 450000100100000000500170001000800410002704000250006808200200009311000330011324000180014624500570016426001020022130000200032359000260034350000730036965000560044265000760049865000690057465000490064395201180069299900170081000004734920201002060508.0110414s1953 dr f000 0 spa d aDO-SdBNPbspacBNPHU a346.0134bR426l1 aRepública Dominicana.944710a[Leyes, etc.]10aLeyes protectoras de la mujer en la Era de Trujillo. aCiudad Trujillo, República Dominicana :bFederación Nacional de Abogadas;bDominicana,c1953. a66 p. ;c24 cm. aInventariado, 2018/VM aIncluye referencias bibliográficas y notas al pie de las páginas 4aDerechos de la mujerxRepública dominicana975007 4aViolencia contra la mujerxLegislaciónzRepública Dominicana956156 4aViolencia familiarxLegislaciónzRepública Dominicana956157 4aDerecho penalzRepública Dominicana916470 0010718PDaPDbPDcHDd2018-05-07iLF1l0o346.0134 R426lp47349-10r2020-06-25w2020-06-25yLFPDZNo se presta c46837d46837